000 01028nam a22003017a 4500
001 7772
003 FISKH
005 20250805155247.0
008 250805b cb ||||| |||| 00| 0 eng d
020 _a0307159817
040 _aFISKH
_beng
_cFISKH
_dFISKH
050 _aPZ7.F22275 T
082 _a459
100 _aFarber, Erica
245 _aMercer Mayer's LC+the critter kids :
_bTop dog /
_cWritten by Eric Farber ; J.R. Sansevere For Ruby Tuesday
250 _aThis edition first published in 1994
260 _aNew York :
_bA Golden Book,
_c1994
300 _a66 pages :
_bcolor illustrations ;
_c20 cm
505 _aJ
520 _aEven though LC's dog, Yo Yo, does not obey very well, LC and the Critter Kids decide to enter him in a dog show to try to win money for their club.
521 8 _a450
_bLexile
521 8 _aJ
_bRaz-Plus
650 _2Little Critter
_aMercer Mayer
650 _2Classroom Library
_aBox 10
700 _aSansevere, J.R
_dillustrator
942 _2ddc
_cBK
_n0
999 _c7772
_d7772